Statistics for A Christmas Carol

Click here to take the quiz!

General Stats

  • This quiz has been taken 289 times
  • The average score is 10 of 17

Answer Stats

HintAnswer% Correct
Scrooge's first nameEbenezer
91%
Scrooge's dead partnerMarley
88%
Tiny Tim
83%
Author of a Christmas CarolCharles Dickens
82%
Scrooge buys this on Christmas MorningTurkey
80%
Last Ghost to visit Scrooge, Ghost of Christmas ______Yet to Come
68%
Scrooge's clerkBob Cratchit
67%
Scrooge calls Christmas a ______Humbug
65%
The ghost of Christmas Past came at this time1:00
62%
Scrooge's old bossFezziwig
58%
Scrooge's only living relativeFred
55%
Scrooge's old girlfriendBelle
52%
The book is divided intoStaves
41%
Local businessmen will only attend Scrooge's funeral if _____ is providedLunch
34%
Martha
32%
Sons of the abovePeter
25%
Sisters of the aboveBelinda
13%

Score Distribution

Percentile by Number Answered

Percent of People with Each Score

Your Score History

You have not taken this quiz